Lesson study Making a difference to teaching pupils with learning difficulties.
Saved in:
| Format: | Bog |
|---|---|
| Sprog: | engelsk |
| Udgivet: |
Bloomsbury Academic
2012
|
| Tags: |
Tilføj Tag
Ingen Tags, Vær først til at tagge denne postø!
|
MARC
| LEADER | 00000nam a22000007a 4500 | ||
|---|---|---|---|
| 008 | 210908b ||||| |||| 00| 0 eng d | ||
| 020 | |a 9781780938301 | ||
| 245 | |a Lesson study |b Making a difference to teaching pupils with learning difficulties. |c Edited by; Brahm Norwich (and)Jeff Jones |g x,170p;ill. | ||
| 260 | |b Bloomsbury Academic |c 2012 |d Book |h Kew York |i 696958 |i 696959 |l LC 3986 .G7.L56 |m Special education-Great Britain |m Lesson planing-Great Britain | ||
| 500 | |a " It includes references and index" | ||
| 942 | |a lcc |c BK |e Olagoke ,M.A. |f 09/09/2021 | ||
| 952 | |0 0 |1 0 |2 lcc |4 0 |7 0 |9 3477 |a HOL |b ED |d 2021-09-08 |o LC 3986 G7.L56 |p 2021-67202 |r 2021-09-08 00:00:00 |t 696958 |w 2021-09-08 |y BK | ||
| 952 | |0 0 |1 0 |2 lcc |4 0 |7 0 |9 3478 |a HOL |b HOL |c LP |d 2021-09-08 |o LC 3986 G7.L56 |p 2021-67203 |r 2021-09-08 00:00:00 |t 696959 |w 2021-09-08 |y BK | ||
| 999 | |c 1731 |d 1731 | ||